[Event "DFMM-LV"]
[Site "Braunfels"]
[Date "2013.06.01"]
[Round "4.4"]
[White "Krilova, Marina"]
[Black "Freitag, Julia"]
[Result "0-1"]
[WhiteElo "2236"]
[BlackElo "2144"]
[PlyCount "102"]
[EventDate "2013.05.30"]
[EventType "team-swiss"]
[EventCountry "GER"]
[WhiteTeam "Hessen"]
[BlackTeam "Nordrhein Westfalen"]
[WhiteTeamCountry "GER"]
[BlackTeamCountry "GER"]

1. e4 e6 2. d4 d5 3. Nd2 dxe4 4. Nxe4 Be7 5. Nf3 Nf6 6. Bd3 Nc6 7. c3 b6 8. O-O
Bb7 9. Qe2 Qd5 10. Re1 h6 11. c4 Qd7 12. d5 exd5 13. Nxf6+ gxf6 14. cxd5 Qxd5
15. Be4 Qd7 16. Bf4 Rg8 17. Rad1 Qe6 18. Rc1 Bc5 19. Qb5 O-O-O 20. Rxc5 bxc5
21. Qxc5 Kb8 22. b4 f5 23. Bxf5 Qd5 24. Qxd5 Rxd5 25. Be4 Rd7 26. Ne5 Nxe5 27.
Bxb7 Kxb7 28. Bxe5 Re8 29. Kf1 Rde7 30. f4 f6 31. Bc3 Rxe1+ 32. Bxe1 Re4 33.
Bd2 Kb6 34. f5 h5 35. g3 Re5 36. Bc3 Rxf5+ 37. Ke2 Kb5 38. a3 Kc4 39. Bd2 Kb3
40. Bc1 Rd5 41. Kf3 Rd1 42. Bf4 c6 43. Bb8 a6 44. Ba7 Kxa3 45. Bc5 Rd5 46. Bf8
Kb3 47. g4 Rd3+ 48. Ke4 Rd8 49. Bc5 hxg4 50. Kf4 Rd2 51. Kxg4 Rxh2 0-1

[Event "DFMM-LV"]
[Site "Braunfels"]
[Date "2013.06.01"]
[Round "4.5"]
[White "Henrichs, Wenke"]
[Black "Heymann Lobzhanidze, Anna Luise"]
[Result "1-0"]
[WhiteElo "2047"]
[BlackElo "1988"]
[PlyCount "63"]
[EventDate "2013.05.30"]
[EventType "team-swiss"]
[EventCountry "GER"]
[WhiteTeam "Nordrhein Westfalen"]
[BlackTeam "Hessen"]
[WhiteTeamCountry "GER"]
[BlackTeamCountry "GER"]

1. d4 Nf6 2. c4 g6 3. Nc3 Bg7 4. e4 d6 5. f3 O-O 6. Be3 c6 7. Nge2 e5 8. d5
cxd5 9. cxd5 Ne8 10. Qd2 f5 11. exf5 gxf5 12. f4 Nf6 13. g3 Na6 14. Bg2 Qa5 15.
Rb1 Re8 16. a3 Bd7 17. h3 e4 18. O-O Nc7 19. Rfd1 b6 20. Bf1 Nb5 21. b4 Qa6 22.
Nd4 Nxd4 23. Bxa6 Nf3+ 24. Kf2 Nxd2 25. Rxd2 Reb8 26. Nb5 Ne8 27. Rc1 Bxb5 28.
Bxb5 Rc8 29. Rxc8 Rxc8 30. Bd7 Rd8 31. Bxf5 Nc7 32. Bxe4 1-0

[Event "DFMM-LV"]
[Site "Braunfels"]
[Date "2013.06.01"]
[Round "4.6"]
[White "Pralle, Katharina"]
[Black "Nattermueller, Irina"]
[Result "1/2-1/2"]
[WhiteElo "1993"]
[BlackElo "2115"]
[PlyCount "137"]
[EventDate "2013.05.30"]
[EventType "team-swiss"]
[EventCountry "GER"]
[WhiteTeam "Hessen"]
[BlackTeam "Nordrhein Westfalen"]
[WhiteTeamCountry "GER"]
[BlackTeamCountry "GER"]

1. c4 c5 2. Nc3 e6 3. Nf3 d5 4. cxd5 exd5 5. d4 Nc6 6. Bf4 Nf6 7. e3 Be7 8.
dxc5 Bxc5 9. Bb5 O-O 10. O-O a6 11. Bxc6 bxc6 12. Rc1 Bd6 13. Bxd6 Qxd6 14. Na4
Bg4 15. Qc2 Rac8 16. Nd4 Rfe8 17. Nc5 a5 18. Qa4 h6 19. a3 Re5 20. Nd3 Rg5 21.
Rxc6 Rxc6 22. Qxc6 Qb8 23. Rc1 Bh3 24. Nf4 Bd7 25. Qc2 Ng4 26. b3 Qe8 27. Rd1
Qe7 28. Nf3 Rf5 29. Nxd5 Qxa3 30. h3 Ne5 31. Nxe5 Rxe5 32. Nf6+ gxf6 33. Rxd7
Re8 34. Qc4 Qa1+ 35. Kh2 Qe5+ 36. Kg1 Qa1+ 37. Kh2 Qe5+ 38. g3 Rf8 39. Rd5 Qb2
40. Qg4+ Kh8 41. Qf4 Kg7 42. Rxa5 Qxb3 43. Rh5 Rh8 44. Qg4+ Kh7 45. Qf4 Kg7 46.
g4 Qb8 47. Qxb8 Rxb8 48. Kg3 Rb3 49. Rd5 Ra3 50. Kf4 Ra2 51. Kg3 Ra3 52. h4 Ra4
53. f4 Ra3 54. Kf3 Ra1 55. h5 Ra4 56. Rd4 Ra5 57. Ke4 Ra3 58. Rd3 Ra4+ 59. Kf3
Ra1 60. Rd5 Ra4 61. Ke2 Ra2+ 62. Rd2 Ra3 63. Kf3 Rb3 64. Rg2 Rb4 65. g5 fxg5
66. fxg5 Rh4 67. gxh6+ Kxh6 68. Rg8 Rxh5 69. Kf4 1/2-1/2

[Event "DFMM-LV"]
[Site "Braunfels"]
[Date "2013.06.01"]
[Round "4.7"]
[White "Vogel, Heike"]
[Black "Zahn, Nicol"]
[Result "1/2-1/2"]
[WhiteElo "2126"]
[BlackElo "1933"]
[PlyCount "63"]
[EventDate "2013.05.30"]
[EventType "team-swiss"]
[EventCountry "GER"]
[WhiteTeam "Nordrhein Westfalen"]
[BlackTeam "Hessen"]
[WhiteTeamCountry "GER"]
[BlackTeamCountry "GER"]

1. d4 f5 2. g4 fxg4 3. e4 e5 4. h3 Nf6 5. hxg4 Nxe4 6. Bd3 d5 7. Rh5 Nc6 8. f3
Nf6 9. Bg6+ hxg6 10. Rxh8 Nxd4 11. Nh3 Ne6 12. Ng5 Nxg5 13. Bxg5 Kf7 14. Nd2 e4
15. fxe4 dxe4 16. Qe2 e3 17. Qxe3 Bxg4 18. Qb3+ Qd5 19. Qxd5+ Nxd5 20. Rh4 Re8+
21. Kf1 Be2+ 22. Kg2 Bh5 23. Rf1+ Kg8 24. Ne4 Be2 25. Re1 Bb5 26. Reh1 Kf7 27.
Bd2 Be7 28. Ng5+ Bxg5 29. Bxg5 Nf6 30. Rc1 Re2+ 31. Kf3 Re5 32. Be3 1/2-1/2

[Event "DFMM-LV"]
[Site "Braunfels"]
[Date "2013.06.01"]
[Round "4.8"]
[White "Storkebaum, Ulrike"]
[Black "Limbourg, Marina"]
[Result "1/2-1/2"]
[WhiteElo "1847"]
[BlackElo "1967"]
[PlyCount "84"]
[EventDate "2013.05.30"]
[EventType "team-swiss"]
[EventCountry "GER"]
[WhiteTeam "Hessen"]
[BlackTeam "Nordrhein Westfalen"]
[WhiteTeamCountry "GER"]
[BlackTeamCountry "GER"]

1. e4 c5 2. Nf3 e6 3. d4 cxd4 4. Nxd4 a6 5. c4 Nf6 6. Nc3 Qc7 7. Be2 Bb4 8. f3
b5 9. Qd3 bxc4 10. Qxc4 Qxc4 11. Bxc4 Bb7 12. Bd2 Nc6 13. Nc2 Bc5 14. Be3 Bxe3
15. Nxe3 Ke7 16. Kf2 Rhd8 17. Rhd1 Rac8 18. Rac1 Kf8 19. Na4 Ne5 20. Be2 Bc6
21. Nb6 Rb8 22. Nbc4 Nxc4 23. Nxc4 Bb5 24. b3 d5 25. exd5 exd5 26. Ne5 Bxe2 27.
Kxe2 Re8 28. f4 Nd7 29. Kd3 Nxe5+ 30. fxe5 Rxe5 31. Rc6 Re6 32. Rdc1 Rbe8 33.
R1c2 g6 34. Kd4 Kg7 35. Rc7 Re2 36. a4 Kf6 37. R7c6+ R2e6 38. Rf2+ Ke7 39. Rc7+
Kd6 40. Rfxf7 Re4+ 41. Kd3 Re3+ 42. Kc2 Re2+ 1/2-1/2

[Event "DFMM-LV"]
[Site "Braunfels"]
[Date "2013.06.01"]
[Round "4.1"]
[White "Benzen, Marthe"]
[Black "Kaulfuss, Christa"]
[Result "0-1"]
[WhiteElo "1923"]
[BlackElo "1861"]
[PlyCount "68"]
[EventDate "2013.05.30"]
[EventType "team-swiss"]
[EventCountry "GER"]
[WhiteTeam "Schleswig Holstein"]
[BlackTeam "Hessen II"]
[WhiteTeamCountry "GER"]
[BlackTeamCountry "GER"]

1. e4 Nc6 2. d4 e5 3. Nf3 exd4 4. Nxd4 Qf6 5. Be3 Bc5 6. c3 d6 7. Be2 a6 8. O-O
Bd7 9. f4 Qe7 10. Bf3 Nf6 11. Re1 O-O-O 12. Nd2 h5 13. b4 Bxd4 14. Bxd4 Nxd4
15. cxd4 Bg4 16. a4 Qd7 17. Qb1 Bxf3 18. Nxf3 Qg4 19. Qc1 h4 20. h3 Qd7 21. d5
Rde8 22. Qb1 Nh5 23. f5 Ng3 24. b5 a5 25. b6 Kb8 26. Nd4 c6 27. dxc6 bxc6 28.
Nb3 Re5 29. Qd3 Rhe8 30. Rad1 Kb7 31. Qd4 Qe7 32. Qxd6 Qxd6 33. Rxd6 Kxb6 34.
Rc1 Ne2+ 0-1

[Event "DFMM-LV"]
[Site "Braunfels"]
[Date "2013.06.01"]
[Round "4.2"]
[White "Schneider, Sabrina"]
[Black "Leib, Britta"]
[Result "0-1"]
[WhiteElo "1651"]
[BlackElo "1942"]
[PlyCount "96"]
[EventDate "2013.05.30"]
[EventType "team-swiss"]
[EventCountry "GER"]
[WhiteTeam "Hessen II"]
[BlackTeam "Schleswig Holstein"]
[WhiteTeamCountry "GER"]
[BlackTeamCountry "GER"]

1. e4 e6 2. d4 d5 3. e5 c5 4. c3 Nc6 5. f4 Bd7 6. Nf3 Qb6 7. Be2 Nh6 8. Na3
cxd4 9. Nxd4 Nxd4 10. Qxd4 Bc5 11. Qd3 Bf2+ 12. Kf1 Bh4 13. Qe3 Qa5 14. Bd2 Nf5
15. Qg1 Be7 16. Nc2 Bc5 17. b4 Bxg1 18. bxa5 Bc5 19. Rb1 b6 20. c4 dxc4 21.
Bxc4 O-O-O 22. axb6 axb6 23. Ke2 Bc6 24. Ne3 Nd4+ 25. Kf2 Kc7 26. Rhd1 b5 27.
Bb3 Nxb3 28. axb3 Ra8 29. Ra1 Kb7 30. g3 Bd4 31. Ra5 Rhd8 32. Ke2 Kb6 33. b4
Be4 34. Rc1 Bb2 35. Rd1 Bd3+ 36. Kf3 Rxa5 37. bxa5+ Kc5 38. Bc1 Bxc1 39. Rxc1+
Kb4 40. Rc7 Bg6 41. a6 Ka5 42. Rc6 Ra8 43. Ke2 Rxa6 44. Rxa6+ Kxa6 45. g4 Be4
46. f5 Kb6 47. f6 g5 48. Nd1 Kc5 0-1

[Event "DFMM-LV"]
[Site "Braunfels"]
[Date "2013.06.01"]
[Round "4.3"]
[White "Freter, Anke"]
[Black "Hynar, Alexandra"]
[Result "1-0"]
[WhiteElo "1914"]
[BlackElo "1874"]
[PlyCount "77"]
[EventDate "2013.05.30"]
[EventType "team-swiss"]
[EventCountry "GER"]
[WhiteTeam "Schleswig Holstein"]
[BlackTeam "Hessen II"]
[WhiteTeamCountry "GER"]
[BlackTeamCountry "GER"]

1. e4 e5 2. Nf3 Nc6 3. Bb5 Bc5 4. O-O d6 5. d4 exd4 6. Nxd4 Bd7 7. Nxc6 Bxc6 8.
Bxc6+ bxc6 9. Nc3 h6 10. b3 Ne7 11. Bb2 O-O 12. Na4 Bb6 13. Qg4 Ng6 14. Rad1
Qh4 15. Qxh4 Nxh4 16. c4 Rfe8 17. Rfe1 Re6 18. Nxb6 axb6 19. a3 Rg6 20. Rd3
Rxg2+ 21. Kf1 Rxh2 22. Kg1 Rg2+ 23. Kf1 Rg6 24. e5 Kf8 25. Re4 Nf5 26. Rf3 Rg5
27. Ref4 g6 28. Rh3 dxe5 29. Bxe5 Rxa3 30. Bf6 Nd6 31. Bxg5 hxg5 32. Rg4 f6 33.
Rgg3 Ne4 34. Rd3 Nd6 35. Rh7 Ra1+ 36. Kg2 Nf7 37. Rd7 Re1 38. Rdxf7+ Ke8 39.
Rxc7 1-0

[Event "DFMM-LV"]
[Site "Braunfels"]
[Date "2013.06.01"]
[Round "4.4"]
[White "Hanka, Katrin"]
[Black "Hielscher, Ursula"]
[Result "0-1"]
[WhiteElo "1353"]
[BlackElo "1904"]
[PlyCount "98"]
[EventDate "2013.05.30"]
[EventType "team-swiss"]
[EventCountry "GER"]
[WhiteTeam "Hessen II"]
[BlackTeam "Schleswig Holstein"]
[WhiteTeamCountry "GER"]
[BlackTeamCountry "GER"]

1. d4 Nf6 2. Nf3 g6 3. Bf4 Bg7 4. c4 d6 5. Nc3 O-O 6. Qd2 Re8 7. e4 Nfd7 8. e5
dxe5 9. Nxe5 Nxe5 10. Bxe5 Bxe5 11. dxe5 Qxd2+ 12. Kxd2 Nc6 13. f4 Bf5 14. Ke3
Rad8 15. Nd5 Rd7 16. Rd1 Nb4 17. a3 Nc2+ 18. Kf2 c6 19. Bd3 Bxd3 20. Rxd3 cxd5
21. Rc1 Nxa3 22. bxa3 Rc8 23. Ke3 e6 24. Rcc3 Rdc7 25. Rd4 Rxc4 26. Rcxc4 Rxc4
27. Kd3 b5 28. a4 a6 29. g3 Kf8 30. h4 Ke7 31. g4 Rxd4+ 32. Kxd4 bxa4 33. Kc3
Kd7 34. Kb4 Kc6 35. Kxa4 Kc5 36. Kb3 a5 37. Kc3 a4 38. f5 gxf5 39. gxf5 exf5
40. h5 d4+ 41. Kd3 a3 42. Kc2 a2 43. Kb2 d3 44. Kxa2 d2 45. h6 d1=Q 46. e6 Kc4
47. e7 Qb3+ 48. Ka1 Kc3 49. e8=Q Qb2# 0-1

[Event "DFMM-LV"]
[Site "Braunfels"]
[Date "2013.06.01"]
[Round "4.5"]
[White "Knof, Henrike"]
[Black "Hauk, Viktoria"]
[Result "1-0"]
[WhiteElo "1547"]
[BlackElo "1469"]
[PlyCount "71"]
[EventDate "2013.05.30"]
[EventType "team-swiss"]
[EventCountry "GER"]
[WhiteTeam "Schleswig Holstein"]
[BlackTeam "Hessen II"]
[WhiteTeamCountry "GER"]
[BlackTeamCountry "GER"]

1. e4 Nc6 2. Nf3 e5 3. Bc4 Bc5 4. c3 Nf6 5. d3 O-O 6. b4 Bb6 7. a4 a5 8. b5 Ne7
9. Nxe5 d5 10. exd5 Nexd5 11. O-O Qd6 12. d4 Be6 13. Bxd5 Qxd5 14. Bb2 Qb3 15.
Qc1 Qd5 16. c4 Qd8 17. d5 Bf5 18. Qg5 Bg6 19. Nxg6 fxg6 20. Nd2 Nd7 21. Qg4 Rf5
22. Ne4 Nc5 23. Nxc5 Bxc5 24. Rae1 Qd6 25. Re6 Qd7 26. Bd4 Bb4 27. Qe4 Raf8 28.
b6 Rf4 29. Qe3 c6 30. Bc5 Rxc4 31. Bxf8 Bxf8 32. dxc6 Rxc6 33. Rxc6 Qxc6 34.
Qb3+ Kh8 35. Qf7 Bc5 36. Re1 1-0

[Event "DFMM-LV"]
[Site "Braunfels"]
[Date "2013.06.01"]
[Round "4.6"]
[White "Schardt, Madeleine"]
[Black "Krupp, Katja"]
[Result "1/2-1/2"]
[WhiteElo "1478"]
[BlackElo "1632"]
[PlyCount "102"]
[EventDate "2013.05.30"]
[EventType "team-swiss"]
[EventCountry "GER"]
[WhiteTeam "Hessen II"]
[BlackTeam "Schleswig Holstein"]
[WhiteTeamCountry "GER"]
[BlackTeamCountry "GER"]

1. b3 e5 2. Bb2 Nc6 3. e3 Nf6 4. Bb5 d6 5. d4 Bd7 6. dxe5 Nxe5 7. Bxd7+ Qxd7 8.
Bxe5 dxe5 9. Qxd7+ Nxd7 10. Nf3 O-O-O 11. O-O h6 12. Nc3 c6 13. Rfd1 g5 14. Ne4
Kc7 15. g4 Be7 16. Rd3 Rhf8 17. Rad1 f5 18. gxf5 Rxf5 19. Ne1 g4 20. Ng3 Rg5
21. f4 exf4 22. exf4 Rgg8 23. Ng2 Rh8 24. Nh5 Rh7 25. Kf1 Nf6 26. Rxd8 Bxd8 27.
Nxf6 Bxf6 28. Ne3 h5 29. Kg2 b5 30. Kg3 Re7 31. Rd3 a5 32. h3 gxh3 33. Kxh3 Re4
34. Kg3 h4+ 35. Kg4 Re8 36. c4 b4 37. Kf5 Bd8 38. Kg6 h3 39. Ng4 Rh8 40. Nh2
Be7 41. Kf5 Rh4 42. Rg3 Bd6 43. Rg4 Rh5+ 44. Ke6 Rh6+ 45. Kf5 Kb6 46. Rg3 Kc5
47. Ke4 Rh4 48. Rg5+ Kb6 49. Rg4 Rh8 50. Kd3 Kc5 51. Rg5+ Kb6 1/2-1/2

[Event "DFMM-LV"]
[Site "Braunfels"]
[Date "2013.06.01"]
[Round "4.7"]
[White "Biehl, Katrin"]
[Black "Saul, Lydia K"]
[Result "0-1"]
[WhiteElo "1300"]
[BlackElo "1142"]
[PlyCount "80"]
[EventDate "2013.05.30"]
[EventType "team-swiss"]
[EventCountry "GER"]
[WhiteTeam "Schleswig Holstein"]
[BlackTeam "Hessen II"]
[WhiteTeamCountry "GER"]
[BlackTeamCountry "GER"]

1. d4 e6 2. Nf3 Nf6 3. e3 Be7 4. Bd3 O-O 5. Nbd2 c5 6. c3 cxd4 7. cxd4 Nc6 8.
e4 Qc7 9. e5 Nd5 10. Nb3 Ncb4 11. Be4 b6 12. Bd2 Bb7 13. O-O f5 14. Rc1 Qd8 15.
Bb1 Ba6 16. Re1 Rc8 17. Rxc8 Qxc8 18. a3 Nd3 19. Bxd3 Bxd3 20. Be3 Bc2 21. Qd2
Bxb3 22. h3 Nxe3 23. Qxe3 Bd5 24. Rc1 Qb7 25. Rc3 Rc8 26. Rxc8+ Qxc8 27. Qf4
Bxf3 28. Qxf3 Qc1+ 29. Kh2 Qc6 30. Qh5 g6 31. Qe2 Kf7 32. g4 f4 33. f3 d6 34.
b4 d5 35. Qa6 Qc7 36. Qe2 Bh4 37. Kg2 Qc1 38. a4 Qe1 39. Qxe1 Bxe1 40. b5 Bc3
0-1

[Event "DFMM-LV"]
[Site "Braunfels"]
[Date "2013.06.01"]
[Round "4.8"]
[White "Wallrabenstein, Sonja"]
[Black "Suhr, Michaela"]
[Result "1-0"]
[WhiteElo "1039"]
[BlackElo "1055"]
[PlyCount "117"]
[EventDate "2013.05.30"]
[EventType "team-swiss"]
[EventCountry "GER"]
[WhiteTeam "Hessen II"]
[BlackTeam "Schleswig Holstein"]
[WhiteTeamCountry "GER"]
[BlackTeamCountry "GER"]

1. c4 e5 2. Nc3 Nf6 3. d3 Bb4 4. Bd2 O-O 5. a3 Ba5 6. b4 Bb6 7. c5 c6 8. cxb6
Qxb6 9. Be3 Qc7 10. Nf3 d5 11. d4 e4 12. Nd2 h6 13. Nb3 Nbd7 14. g3 Nb6 15. Bf4
Qe7 16. Na5 Rb8 17. Bxb8 Nbd7 18. Bxa7 Re8 19. e3 Nf8 20. Bc5 Qd7 21. Na4 Qc7
22. h4 Be6 23. Bb6 Qc8 24. Nc5 N8d7 25. Na4 Qb8 26. Bh3 Nxb6 27. Nxb6 Qc7 28.
Bxe6 Rxe6 29. Na4 b6 30. Nb3 Re8 31. Rc1 Ra8 32. Nd2 b5 33. Nc3 Rxa3 34. Nxb5
Qb6 35. Nxa3 Qxb4 36. Qb3 Qd6 37. Qa4 Qe6 38. Qxc6 Qe7 39. Qc8+ Kh7 40. Qf5+ g6
41. Qc8 Kg7 42. Qc5 Qe6 43. Qa7 Ng4 44. Rc7 Kf6 45. Qc5 Qf5 46. Qd6+ Kg7 47.
Qf4 Qe6 48. Qxf7+ Qxf7 49. Rxf7+ Kxf7 50. Ke2 Nf6 51. f3 Ke6 52. fxe4 dxe4 53.
Nab1 Kf5 54. Rf1+ Ke6 55. Nc3 Nh5 56. Ndxe4 Ng7 57. Rf6+ Ke7 58. d5 Kd7 59.
Rf7+ 1-0

[Event "DFMM-LV"]
[Site "Braunfels"]
[Date "2013.06.01"]
[Round "4.1"]
[White "Zschischang, Marine"]
[Black "Steinbacher, Claudia"]
[Result "0-1"]
[WhiteElo "2099"]
[BlackElo "2125"]
[PlyCount "142"]
[EventDate "2013.05.30"]
[EventType "team-swiss"]
[EventCountry "GER"]
[WhiteTeam "Niedersachsen"]
[BlackTeam "Sachsen"]
[WhiteTeamCountry "GER"]
[BlackTeamCountry "GER"]

1. f4 Nf6 2. Nf3 d5 3. e3 Bg4 4. b3 e6 5. Bb2 Nbd7 6. h3 Bxf3 7. Qxf3 c6 8. Be2
Qc7 9. d3 Bb4+ 10. c3 Bd6 11. Nd2 O-O-O 12. g4 Rhe8 13. g5 Ng8 14. O-O-O g6 15.
Rhf1 f5 16. d4 Ne7 17. h4 h5 18. Kb1 Kb8 19. Rc1 Qa5 20. Rc2 Rc8 21. Rfc1 Ka8
22. Qf1 Ba3 23. Qd1 Bxb2 24. Rxb2 Rh8 25. Ka1 Rb8 26. b4 Qd8 27. a4 Nc8 28. Bd3
Nd6 29. Qf1 Qe7 30. Ra2 Rbc8 31. Rb1 Rc7 32. Rb3 b6 33. Rab2 c5 34. bxc5 bxc5
35. Bb5 Rhc8 36. Ba6 Rb8 37. Nf3 Rxb3 38. Rxb3 c4 39. Rb4 Nb8 40. Bb5 a6 41.
Ne5 axb5 42. Nxg6 Qe8 43. Ne5 Nc6 44. Nxc6 Qxc6 45. Qd1 Qe8 46. axb5 Ra7+ 47.
Kb2 Nxb5 48. Qc2 Nd6 49. Kc1 Rb7 50. Qa2+ Kb8 51. Ra4 Qb5 52. Ra8+ Kc7 53. Rh8
Ne4 54. Rh7+ Kc6 55. Rxb7 Kxb7 56. Qa3 Kc7 57. Qe7+ Qd7 58. Qb4 Kd8 59. Qb6+
Ke7 60. Qb4+ Kf7 61. Kb2 Nf2 62. Qb8 Nd3+ 63. Kb1 Kg7 64. Qb6 Qa4 65. Qb7+ Kg6
66. Qb6 Qd1+ 67. Ka2 Qc2+ 68. Ka3 Qxc3+ 69. Ka2 Nb4+ 70. Qxb4 Qxb4 71. e4 c3
0-1

[Event "DFMM-LV"]
[Site "Braunfels"]
[Date "2013.06.01"]
[Round "4.2"]
[White "Daemering, Katrin"]
[Black "Diederichs, Luise"]
[Result "1-0"]
[WhiteElo "2043"]
[BlackElo "1906"]
[PlyCount "55"]
[EventDate "2013.05.30"]
[EventType "team-swiss"]
[EventCountry "GER"]
[WhiteTeam "Sachsen"]
[BlackTeam "Niedersachsen"]
[WhiteTeamCountry "GER"]
[BlackTeamCountry "GER"]

1. e4 c5 2. Nf3 d6 3. d4 cxd4 4. Nxd4 Nf6 5. Nc3 a6 6. Bg5 e6 7. f4 Nbd7 8. Qf3
Qc7 9. O-O-O h6 10. Bxf6 gxf6 11. f5 Ne5 12. Qh5 Ke7 13. Be2 Rg8 14. g4 b5 15.
a3 Bb7 16. Rhf1 Rc8 17. fxe6 fxe6 18. Nxe6 Kxe6 19. Qf5+ Ke7 20. Qxf6+ Kd7 21.
Qxe5 Be7 22. Rf7 Ke8 23. Qe6 Rh8 24. Bd3 Rd8 25. Nxb5 Qd7 26. Rxe7+ Qxe7 27.
Nc7+ Kf8 28. Rf1+ 1-0

[Event "DFMM-LV"]
[Site "Braunfels"]
[Date "2013.06.01"]
[Round "4.3"]
[White "Sieber, Fiona"]
[Black "Nagel, Verena"]
[Result "1/2-1/2"]
[WhiteElo "1836"]
[BlackElo "2013"]
[PlyCount "140"]
[EventDate "2013.05.30"]
[EventType "team-swiss"]
[EventCountry "GER"]
[WhiteTeam "Niedersachsen"]
[BlackTeam "Sachsen"]
[WhiteTeamCountry "GER"]
[BlackTeamCountry "GER"]

1. e4 e5 2. Nf3 Nc6 3. Bc4 Be7 4. d4 exd4 5. Nxd4 d6 6. O-O Nxd4 7. Qxd4 Bf6 8.
Qd3 Ne7 9. Nc3 O-O 10. f4 Nc6 11. a3 Be6 12. Nd5 a6 13. c3 Rb8 14. Be3 Bxd5 15.
Bxd5 g6 16. Rf2 Qd7 17. Bb3 Rbd8 18. Bd4 Nxd4 19. cxd4 c5 20. dxc5 dxc5 21.
Qxd7 Rxd7 22. e5 Bd8 23. e6 Rd3 24. exf7+ Kg7 25. Bc4 Rd4 26. Be6 Bf6 27. Re1
Rfd8 28. b3 b5 29. g3 Rd3 30. Rfe2 h5 31. a4 Bc3 32. Rc1 Bd2 33. Rc2 Be3+ 34.
Kg2 Kf6 35. Bd5 R3xd5 36. f8=Q+ Rxf8 37. Rxe3 Rc8 38. axb5 axb5 39. Rec3 Ke6
40. Kf3 Kd6 41. Ra2 c4 42. bxc4 bxc4 43. Rac2 Rd4 44. h3 Kc5 45. Ke3 Re8+ 46.
Kf2 Kb4 47. h4 Ree4 48. Kf3 Re1 49. Kf2 Red1 50. Ke2 R1d2+ 51. Ke1 Rxc2 52.
Rxc2 Rd3 53. Rb2+ Kc3 54. Rb6 Rxg3 55. Ke2 Kd4 56. Kd2 c3+ 57. Kc2 Ke4 58. Rf6
Rg4 59. Kxc3 Rxh4 60. Rxg6 Rxf4 61. Kd2 Kf3 62. Ke1 Rg4 63. Rf6+ Kg2 64. Rf2+
Kh1 65. Rf1+ Rg1 66. Kf2 Rxf1+ 67. Kxf1 Kh2 68. Kf2 h4 69. Kf1 Kh3 70. Kg1 Kg3
1/2-1/2

[Event "DFMM-LV"]
[Site "Braunfels"]
[Date "2013.06.01"]
[Round "4.4"]
[White "Just, Anita"]
[Black "Schulze, Dorothee"]
[Result "1-0"]
[WhiteElo "1988"]
[BlackElo "1992"]
[PlyCount "93"]
[EventDate "2013.05.30"]
[EventType "team-swiss"]
[EventCountry "GER"]
[WhiteTeam "Sachsen"]
[BlackTeam "Niedersachsen"]
[WhiteTeamCountry "GER"]
[BlackTeamCountry "GER"]

1. e4 c5 2. Nf3 Nc6 3. d4 cxd4 4. Nxd4 Nf6 5. Nc3 g6 6. Be3 Bg7 7. Bc4 d6 8. f3
O-O 9. Qd2 Bd7 10. Bb3 Ne5 11. O-O-O Rb8 12. g4 b5 13. h4 Nc4 14. Bxc4 bxc4 15.
h5 Qa5 16. hxg6 fxg6 17. Bh6 Qb4 18. b3 Bxh6 19. Rxh6 a5 20. Kb2 Rf7 21. Rdh1
a4 22. a3 Qc5 23. b4 Rg7 24. Ka2 Qa7 25. g5 Nh5 26. f4 Nxf4 27. Qxf4 Qxd4 28.
Ne2 e5 29. Qh4 Qa7 30. Rxh7 Be6 31. Rh8+ Kf7 32. Rf1+ Ke7 33. Rh7 Rbg8 34. Qh6
Kd8 35. Rxg7 Qxg7 36. Qxg7 Rxg7 37. Nc3 Bd7 38. Nd5 Rg8 39. Rf6 Rh8 40. Rxd6
Rh2 41. Kb2 Rd2 42. Rxg6 Ke8 43. Rg7 Bc6 44. Re7+ Kf8 45. Rxe5 Kf7 46. Kc3 Rg2
47. Ne3 1-0

[Event "DFMM-LV"]
[Site "Braunfels"]
[Date "2013.06.01"]
[Round "4.5"]
[White "Markgraf, Claudia"]
[Black "Nobis, Martina"]
[Result "1-0"]
[WhiteElo "1985"]
[BlackElo "1881"]
[PlyCount "51"]
[EventDate "2013.05.30"]
[EventType "team-swiss"]
[EventCountry "GER"]
[WhiteTeam "Niedersachsen"]
[BlackTeam "Sachsen"]
[WhiteTeamCountry "GER"]
[BlackTeamCountry "GER"]

1. e4 g6 2. d4 Bg7 3. Nc3 d6 4. Be3 Nf6 5. f3 O-O 6. Qd2 c6 7. Nge2 Qc7 8. Bh6
b5 9. h4 b4 10. Nd1 e5 11. Bxg7 Kxg7 12. Qxb4 Na6 13. Qc3 Re8 14. Ne3 Rb8 15.
a3 Qb7 16. Nc4 Qe7 17. O-O-O Bd7 18. g4 Kg8 19. dxe5 dxe5 20. g5 Nh5 21. Nxe5
Qxe5 22. Qxe5 Rxe5 23. Rxd7 Nc5 24. Rxa7 f6 25. gxf6 Nxf6 26. Nd4 1-0

[Event "DFMM-LV"]
[Site "Braunfels"]
[Date "2013.06.01"]
[Round "4.6"]
[White "Neumeyer, Hannelore"]
[Black "Kickert, Germaine Helene"]
[Result "1-0"]
[WhiteElo "1987"]
[BlackElo "1947"]
[PlyCount "73"]
[EventDate "2013.05.30"]
[EventType "team-swiss"]
[EventCountry "GER"]
[WhiteTeam "Sachsen"]
[BlackTeam "Niedersachsen"]
[WhiteTeamCountry "GER"]
[BlackTeamCountry "GER"]

1. d4 d5 2. e4 e6 3. c4 dxe4 4. Nc3 Nf6 5. f3 c5 6. d5 exd5 7. cxd5 Bd6 8. Be3
a6 9. Qd2 Qc7 10. Nxe4 Nxe4 11. fxe4 Nd7 12. Nf3 O-O 13. Bd3 Re8 14. O-O Ne5
15. Nxe5 Bxe5 16. Bf4 Bg4 17. Bxe5 Rxe5 18. Rac1 Qe7 19. Qf2 b6 20. b4 cxb4 21.
d6 Qe8 22. Qxb6 Be6 23. Rc7 Bd7 24. Qd4 Rd8 25. Bc4 Rxe4 26. Bxf7+ Qxf7 27.
Qxe4 Qe6 28. Qf4 a5 29. Rf3 Qe1+ 30. Rf1 Qe6 31. h3 h6 32. Rf2 g5 33. Qd4 h5
34. Rf6 Qe1+ 35. Kh2 g4 36. Rg6+ Kf7 37. Qf6+ 1-0

[Event "DFMM-LV"]
[Site "Braunfels"]
[Date "2013.06.01"]
[Round "4.7"]
[White "Aden, Dagmar"]
[Black "Boehme Ziska, Christine"]
[Result "1-0"]
[WhiteElo "1881"]
[BlackElo "1751"]
[PlyCount "81"]
[EventDate "2013.05.30"]
[EventType "team-swiss"]
[EventCountry "GER"]
[WhiteTeam "Niedersachsen"]
[BlackTeam "Sachsen"]
[WhiteTeamCountry "GER"]
[BlackTeamCountry "GER"]

1. e4 d5 2. exd5 Qxd5 3. Nc3 Qd6 4. Bc4 c6 5. d3 Nf6 6. Nge2 Bg4 7. f3 Bh5 8.
Ng3 Nbd7 9. Nxh5 Nxh5 10. Ne4 Qg6 11. Qe2 h6 12. g4 O-O-O 13. gxh5 Qxh5 14. Bf4
e5 15. Be3 Kb8 16. O-O-O g5 17. d4 f5 18. Nc5 Bxc5 19. dxc5 Rhe8 20. Rd6 e4 21.
fxe4 Qxe2 22. Bxe2 Rxe4 23. Kd2 Kc7 24. Bd3 Re5 25. Rxh6 Nxc5 26. Bxc5 Rxc5 27.
Rg6 f4 28. Rg1 Rh8 29. R1xg5 Rxh2+ 30. Rg2 Rh4 31. Rf6 Rd5 32. Rf2 Rd4 33. Kc3
c5 34. Rg2 Rd7 35. Bf5 Re7 36. Re6 Rf7 37. Be4 Rh3+ 38. Kc4 b6 39. Rc6+ Kd7 40.
Rd2+ Ke8 41. Bg6 1-0

[Event "DFMM-LV"]
[Site "Braunfels"]
[Date "2013.06.01"]
[Round "4.8"]
[White "Gottschall, Ina"]
[Black "Braje, Monika"]
[Result "1-0"]
[WhiteElo "1710"]
[BlackElo "1814"]
[PlyCount "95"]
[EventDate "2013.05.30"]
[EventType "team-swiss"]
[EventCountry "GER"]
[WhiteTeam "Sachsen"]
[BlackTeam "Niedersachsen"]
[WhiteTeamCountry "GER"]
[BlackTeamCountry "GER"]

1. d4 d5 2. c4 e6 3. Nc3 Nf6 4. Bg5 Be7 5. e3 O-O 6. cxd5 exd5 7. Bd3 c6 8.
Nge2 h6 9. Bf4 b6 10. O-O Bb7 11. Ng3 Nbd7 12. Nf5 g6 13. Nxh6+ Kg7 14. Qf3 Rh8
15. Ng4 Nxg4 16. Qxg4 Bc8 17. Qf3 Nf6 18. Be5 Bd6 19. Qf4 Bxe5 20. Qxe5 Rh5 21.
Qg3 Qh8 22. f3 Qh6 23. Rae1 Rg5 24. Qf4 Nh5 25. Qh4 Be6 26. Rf2 Rh8 27. Be2 Ng3
28. Qxh6+ Rxh6 29. hxg3 Rgh5 30. Rff1 Rh1+ 31. Kf2 R1h2 32. Rg1 c5 33. f4 Rh8
34. Bf3 Rd8 35. Rh1 Rxh1 36. Rxh1 a6 37. Rd1 c4 38. g4 f5 39. gxf5 gxf5 40. Rh1
b5 41. b4 Kg6 42. Rh5 Kg7 43. Rg5+ Kf6 44. Bh5 Rh8 45. Rg6+ Ke7 46. Bf3 Kf7 47.
Rg5 Rd8 48. g4 1-0